Introduction to the Design and Analysis of Algorithms, 3/e

Guardat en:
Dades bibliogràfiques
Autor principal: Levitin
Format: Llibre
Publicat: Pearson
Etiquetes: Afegir etiqueta
Sense etiquetes, Sigues el primer a etiquetar aquest registre!

MARC

LEADER 00000nam a2200000Ia 4500
005 20260513122052.0
020 |a 9789332585485 
100 |a Levitin 
365 |c Rs. 
365 |b 25.00 
942 |c BK 
245 |a Introduction to the Design and Analysis of Algorithms, 3/e 
260 |b Pearson 
999 |c 75  |d 75 
952 |0 0  |1 0  |4 0  |7 0  |a UNSW  |b UNSW  |d 2026-05-06  |g 980.00  |i 16686  |l 0  |p 000093  |r 2026-05-13 12:20:52  |v 980.00  |w 2026-05-13  |y BK